<?xml version="1.0" encoding="UTF-8"?>
<marc:record xmlns:marc="http://www.loc.gov/MARC21/slim">
   <marc:leader>00000nam a2200000 a 4500</marc:leader>
   <marc:datafield ind1="1" ind2=" " tag="100">
      <marc:subfield code="a">Kaiblinger, Sonja</marc:subfield>
      <marc:subfield code="4">aut</marc:subfield>
      <marc:subfield code="e">Verfasser/-in</marc:subfield>
   </marc:datafield>
   <marc:datafield ind1="1" ind2=" " tag="100">
      <marc:subfield code="a">Bertrand, Fréderic</marc:subfield>
   </marc:datafield>
   <marc:datafield ind1=" " ind2=" " tag="653">
      <marc:subfield code="a">Freunde</marc:subfield>
   </marc:datafield>
   <marc:datafield ind1=" " ind2=" " tag="653">
      <marc:subfield code="a">Abenteuer</marc:subfield>
   </marc:datafield>
   <marc:datafield ind1=" " ind2=" " tag="653">
      <marc:subfield code="a">Sensenmann</marc:subfield>
   </marc:datafield>
   <marc:datafield ind1=" " ind2=" " tag="653">
      <marc:subfield code="a">Geister</marc:subfield>
   </marc:datafield>
   <marc:datafield ind1=" " ind2=" " tag="653">
      <marc:subfield code="a">Hawaii</marc:subfield>
   </marc:datafield>
   <marc:datafield ind1="0" ind2="0" tag="245">
      <marc:subfield code="a">Scary Harry</marc:subfield>
   </marc:datafield>
   <marc:datafield ind1="0" ind2="0" tag="245">
      <marc:subfield code="b">Totgesagte leben länger ; Band 2</marc:subfield>
   </marc:datafield>
   <marc:datafield ind1="0" ind2="0" tag="245">
      <marc:subfield code="c">Sonja Kaiblinger. Fréderic Bertrand</marc:subfield>
   </marc:datafield>
   <marc:datafield ind1=" " ind2="1" tag="264">
      <marc:subfield code="a">Bindlach</marc:subfield>
      <marc:subfield code="b">Loewe</marc:subfield>
      <marc:subfield code="c">2014</marc:subfield>
   </marc:datafield>
   <marc:datafield ind1="1" ind2=" " tag="490">
      <marc:subfield code="a">Scary Harry</marc:subfield>
   </marc:datafield>
   <marc:datafield ind1=" " ind2=" " tag="250">
      <marc:subfield code="a">Orig.-Ausg.</marc:subfield>
   </marc:datafield>
   <marc:datafield ind1="1" ind2=" " tag="520">
      <marc:subfield code="a">Quelle: bn.bibliotheksnachrichten (http://www.biblio.at/literatur/bn/index.html); &lt;br/&gt;Autor: Cornelia Freiberger; &lt;br/&gt;Ein weiteres abgefahrenes Abenteuer mit dem schusseligen Sensenmann Harold und seinen Freunden. (ab 9) (JE)&lt;br/&gt;Endlich Urlaub! Die Seelen-App am Smartphone zeigt keine neuen Aufträge an und so lässt sich der Sensenmann Harold, seit 520 Jahren im Dienste des SBI (=Seelen-Beförderungsinstitutes), auf Hawaii die Sonne auf die Knochen scheinen - Sonnenbrand inklusive. Doch die Freude währt nicht lange, denn seine Freunde Otto und Emily brauchen dringend seine Hilfe. In der Stadt tauchen immer mehr vergessene Seelen auf und halten die Einwohner vom Schlaf ab. Langsam beginnt alles aus den Fugen zu geraten und ein seltsamer Fremder verdient mit dem Verkauf eines übel riechenden Anti-Ghost-Sprays ein kleines Vermögen. Steckt vielleicht sogar Ottos verschwundener Onkel Archibald dahinter? Schon befinden sich die Freunde mitten drinnen im rasanten Abenteuer, das sie sogar durch das Hades-Portal ins Jenseits führt. Ob das gutgeht?&lt;br/&gt;Nach "Scary Harry - Von allen guten Geistern verlassen" lässt die Autorin Sonja Kaiblinger den sympathischen, schusseligen Sensenmann zum zweiten Mal auf Seelenfang gehen. In zwanzig Kapiteln und im bereits bekannten originellen, kurzweiligen, teils rasanten Erzählstil nimmt die Autorin die LeserInnen mit auf ein skurriles Abenteuer, das keine Spannung und überraschenden Wendungen vermissen lässt. Die karikaturhaften, pointierten Illustrationen von Fréderic Bertrand ergänzen in gewohnter Manier das geschriebene Wort und sorgen für zusätzliches Lachvergnügen. Das Warten auf den nächsten Band beginnt!</marc:subfield>
   </marc:datafield>
   <marc:datafield ind1=" " ind2=" " tag="020">
      <marc:subfield code="a">9783785577455</marc:subfield>
      <marc:subfield code="9">9783785577455</marc:subfield>
   </marc:datafield>
   <marc:datafield ind1=" " ind2=" " tag="041">
      <marc:subfield code="a">ger</marc:subfield>
   </marc:datafield>
   <marc:datafield ind1=" " ind2=" " tag="300">
      <marc:subfield code="b">Ill.</marc:subfield>
   </marc:datafield>
   <marc:datafield ind1="1" ind2=" " tag="521">
      <marc:subfield code="a">0</marc:subfield>
   </marc:datafield>
   <marc:datafield ind1=" " ind2=" " tag="300">
      <marc:subfield code="a">232 S.</marc:subfield>
   </marc:datafield>
</marc:record>
